000 01110nam a2200253 a 4500
001 000001945
005 20200929145752.0
008 090630s19uu dr 001 0 spa d
040 _aDO-SdBNP
_bspa
_cBNPHU
082 _a808.51
_bC793a
100 1 _aCorcos, Fernando
_96314
245 1 0 _aArte de hablar en público /
_cFernando Corcos ; prefacio André Maurois ; traducida por Mateo Santos.
260 _aMéxico :
_bDivulgación,
_c[s.a.].
300 _a108 p. ;
_c20 cm.
505 0 _gPrefacio /
_rAndré Maurois --
_tDe la elocuencia --
_tElocuencia y lirismo --
_tCualidades necesarias al orador --
_tLa tribuna y la escena --
_tPreparación del discurso --
_tDel estilo oratorio --
_tLos géneros oratorios --
_tLa mujer y el arte oratorio --
_tLa plástica oratoria --
_tOradores y auditorios --
_gConclusiones.
650 4 _aOratoria
_91172
650 4 _aPersuación (retórica)
_96315
650 4 _aElocuencia
_96316
650 4 _aOradores
_96317
700 1 _aSantos, Mateo,
_etr.
_96318
700 1 _aMaurois, André,
_d1885-1967,
_epref.
_96319
910 _aValidado. Control de calidad EMS
049 _aBNGR
999 _c1811
_d1811